[Event "Poznan op 26th"]
[Site "Poznan"]
[Date "2018.08.23"]
[Round "6"]
[White "Lesien, Przemyslaw"]
[Black "Nadstoga, Wojciech"]
[Result "0-1"]
[WhiteElo "1793"]
[BlackElo "1928"]
[PlyCount "72"]
[EventDate "2018.08.19"]
[EventType "swiss"]
[EventRounds "9"]
[EventCountry "POR"]
[SourceTitle "CBM 186 Extra"]
[Source "ChessBase"]
[SourceDate "2018.08.24"]
[SourceVersion "1"]
[SourceVersionDate "2018.08.24"]
[SourceQuality "1"]

1. e4 d6 2. d4 Nf6 3. Nc3 g6 4. Nf3 Bg7 5. Be2 0-0 6. h3 c6 7. Be3 b5 8. a3 Qc7 9. 0-0 a6 10. Qc1 Re8 11. Bh6 Bh8 12. Qf4 e5 13. dxe5 dxe5 14. Qh4 Nbd7 15. Be3 Nf8 16. Ng5 Bg7 17. Kh1 h6 18. Nf3 g5 19. Nxg5 hxg5 20. Qxg5 Ng6 21. h4 Nh7 22. Qg3 Nf4 23. h5 Kh8 24. Qh2 f5 25. Bf3 Ng5 26. exf5 Bxf5 27. Bxc6 Qxc6 28. Bxf4 exf4 29. Qxf4 Bxc3 30. bxc3 Qf6 31. f3 Ne6 32. Qh2 Bxc2 33. g4 Bd3 34. Rf2 Nf4 35. Rg1 Qg5 36. Rd2 Re2 0-1

[Event "Poznan op 26th"]
[Site "Poznan"]
[Date "2018.08.22"]
[Round "5"]
[White "Zielinski, Tomasz"]
[Black "Lesien, Przemyslaw"]
[Result "0-1"]
[WhiteElo "1382"]
[BlackElo "1793"]
[PlyCount "82"]
[EventDate "2018.08.19"]
[EventType "swiss"]
[EventRounds "9"]
[EventCountry "POR"]
[SourceTitle "CBM 186 Extra"]
[Source "ChessBase"]
[SourceDate "2018.08.24"]
[SourceVersion "1"]
[SourceVersionDate "2018.08.24"]
[SourceQuality "1"]

1. e4 c5 2. Nf3 a6 3. c3 e6 4. d4 cxd4 5. cxd4 d5 6. exd5 Bb4+ 7. Nc3 Qxd5 8. a3 Qa5 9. Bd2 Be7 10. Qc2 Nc6 11. Rc1 Nf6 12. Bd3 Qd8 13. Be3 Bd7 14. 0-0 Rc8 15. b4 h6 16. Qd2 Nd5 17. Nxd5 exd5 18. h3 Be6 19. Rc3 g5 20. Rfc1 Na7 21. Ne5 Rg8 22. g4 h5 23. gxh5 Bxh3 24. h6 Rxc3 25. Rxc3 Rh8 26. h7 f5 27. Ng6 Rxh7 28. Nxe7 Qxe7 29. Bxg5 Qd6 30. Qe3+ Kf8 31. f4 Bg4 32. Bf1 Nc6 33. Rc1 Qg6 34. Bg2 Qh5 35. Kf1 Bh3 36. Qf2 Bxg2+ 37. Qxg2 Qh1+ 38. Kf2 Qxc1 39. Qxd5 Rh2+ 40. Kg3 Qg1+ 41. Kf3 Qf2# 0-1

[Event "Poznan op 26th"]
[Site "Poznan"]
[Date "2018.08.21"]
[Round "4"]
[White "Lesien, Przemyslaw"]
[Black "Zadymov, Ihor"]
[Result "0-1"]
[WhiteElo "1793"]
[BlackElo "2102"]
[PlyCount "52"]
[EventDate "2018.08.19"]
[EventType "swiss"]
[EventRounds "9"]
[EventCountry "POR"]
[SourceTitle "CBM 186 Extra"]
[Source "ChessBase"]
[SourceDate "2018.08.24"]
[SourceVersion "1"]
[SourceVersionDate "2018.08.24"]
[SourceQuality "1"]

1. e4 c5 2. Nf3 d6 3. d4 cxd4 4. Nxd4 Nf6 5. Nc3 a6 6. f4 g6 7. Be2 Bg7 8. Be3 0-0 9. Nb3 Nc6 10. g4 b5 11. g5 Nd7 12. Nd4 Bb7 13. a3 Rc8 14. 0-0 Nb6 15. f5 Ne5 16. f6 exf6 17. gxf6 Bxf6 18. Nf5 gxf5 19. Rxf5 Kh8 20. Nd5 Rg8+ 21. Kf1 Nxd5 22. exd5 Qd7 23. Rh5 Rg6 24. Bd3 Nxd3 25. Qxd3 Qg4 26. Rf5 Re8 0-1

[Event "Poznan op 25th"]
[Site "Poznan"]
[Date "2017.08.20"]
[Round "1"]
[White "Lesien, Przemyslaw"]
[Black "Szelag, Marcin"]
[Result "0-1"]
[WhiteElo "1763"]
[BlackElo "2456"]
[PlyCount "66"]
[EventDate "2017.08.20"]
[EventType "swiss"]
[EventRounds "9"]
[EventCountry "POL"]
[SourceTitle "CBM 180 Extra"]
[Source "ChessBase"]
[SourceDate "2017.10.06"]
[SourceVersion "1"]
[SourceVersionDate "2017.10.06"]
[SourceQuality "1"]

1. d4 Nf6 2. c4 g6 3. Nc3 Bg7 4. e4 d6 5. f3 0-0 6. Be3 c5 7. dxc5 dxc5 8. Qxd8 Rxd8 9. Bxc5 Nc6 10. Nge2 Nd7 11. Ba3 Nde5 12. Nf4 Nd4 13. 0-0-0 Bh6 14. g3 e6 15. Be7 Rd7 16. Bf6 Nexf3 17. e5 Bg7 18. Bh3 Nxe5 19. Ncd5 Ndc6 20. Nxe6 fxe6 21. Bxe6+ Kh8 22. Bxd7 Bxd7 23. b3 Bf5 24. Bxg7+ Kxg7 25. Rd2 Nd3+ 26. Kd1 Re8 27. Rf1 Nd4 28. h3 Be4 29. Ne3 h5 30. h4 b6 31. Nc2 Nf5 32. Rxf5 Bxf5 33. Nd4 Re1+ 0-1

[Event "Poznan op 24th"]
[Site "Poznan"]
[Date "2016.08.13"]
[Round "6"]
[White "Weglarz, Janusz"]
[Black "Lesien, Przemyslaw"]
[Result "0-1"]
[WhiteElo "1798"]
[BlackElo "1714"]
[PlyCount "77"]
[EventDate "2016.08.08"]
[EventType "swiss"]
[EventRounds "9"]
[EventCountry "POL"]
[SourceTitle "CBM 173 Extra"]
[Source "ChessBase"]
[SourceDate "2016.08.29"]
[SourceVersion "1"]
[SourceVersionDate "2016.08.29"]
[SourceQuality "1"]

1. d4 d5 2. c4 c6 3. Nc3 dxc4 4. e4 b5 5. Nf3 Bg4 6. Be2 e6 7. 0-0 Nf6 8. Bg5 Be7 9. Bxf6 Bxf6 10. e5 Be7 11. h3 Bh5 12. Ne4 0-0 13. Ng3 Bg6 14. a4 Nd7 15. Qd2 Nb6 16. axb5 cxb5 17. b3 cxb3 18. Bxb5 Qd5 19. Be2 Nc4 20. Bxc4 Qxc4 21. Rfc1 Qb5 22. Qb2 a5 23. h4 h6 24. Rc7 Rfe8 25. h5 Bh7 26. Nd2 a4 27. Rac1 Rab8 28. Nc4 a3 29. Nxa3 Bxa3 30. Qxa3 b2 31. Re1 Qb4 32. Qxb4 Rxb4 33. Rd7 Rc8 34. d5 exd5 35. Rxd5 b1Q 36. Rxb1 Bxb1 37. Rd2 Rc1+ 38. Nf1 Bf5 39. f3 0-1

[Event "Poznan op 24th"]
[Site "Poznan"]
[Date "2016.08.10"]
[Round "3"]
[White "Lesien, Przemyslaw"]
[Black "Michalski, Karol"]
[Result "1/2-1/2"]
[WhiteElo "1714"]
[BlackElo "1993"]
[PlyCount "59"]
[EventDate "2016.08.08"]
[EventType "swiss"]
[EventRounds "9"]
[EventCountry "POL"]
[SourceTitle "CBM 173 Extra"]
[Source "ChessBase"]
[SourceDate "2016.08.29"]
[SourceVersion "1"]
[SourceVersionDate "2016.08.29"]
[SourceQuality "1"]

1. d4 d5 2. c4 e6 3. Nc3 c6 4. e3 f5 5. Nf3 Nf6 6. Ne5 Nbd7 7. f4 Nxe5 8. fxe5 Ne4 9. Nxe4 fxe4 10. c5 b6 11. b4 a5 12. Qa4 Bd7 13. b5 cxb5 14. Bxb5 bxc5 15. Bd2 cxd4 16. exd4 Be7 17. 0-0 Bxb5 18. Qxb5+ Qd7 19. Rab1 Qxb5 20. Rxb5 e3 21. Bxe3 Rf8 22. Rxf8+ Kxf8 23. Bd2 Bb4 24. Bxb4+ axb4 25. Rxb4 Rxa2 26. Rb8+ Kf7 27. Rb7+ Kg6 28. Re7 Ra6 29. Kf2 h5 30. h4 1/2-1/2

[Event "Poznan op 24th"]
[Site "Poznan"]
[Date "2016.08.09"]
[Round "2"]
[White "Wojdak, Karol"]
[Black "Lesien, Przemyslaw"]
[Result "0-1"]
[WhiteElo "1395"]
[BlackElo "1714"]
[PlyCount "70"]
[EventDate "2016.08.08"]
[EventType "swiss"]
[EventRounds "9"]
[EventCountry "POL"]
[SourceTitle "CBM 173 Extra"]
[Source "ChessBase"]
[SourceDate "2016.08.29"]
[SourceVersion "1"]
[SourceVersionDate "2016.08.29"]
[SourceQuality "1"]

1. e4 c5 2. Nf3 d6 3. d4 cxd4 4. Nxd4 Nf6 5. Nc3 Nc6 6. Be3 a6 7. Be2 g6 8. f3 Bg7 9. Qd2 0-0 10. 0-0-0 Qa5 11. Nb3 Qc7 12. g4 b5 13. h4 Na5 14. h5 Be6 15. Nd4 b4 16. Nxe6 fxe6 17. Na4 b3 18. Kb1 bxc2+ 19. Qxc2 Qxc2+ 20. Kxc2 Rfc8+ 21. Kb1 Nd7 22. hxg6 hxg6 23. Rc1 d5 24. Rxc8+ Rxc8 25. exd5 exd5 26. Bxa6 Rb8 27. Rc1 Rb4 28. Rc2 Ne5 29. b3 Nxb3 30. Nb2 Na5 31. Bc5 Rb8 32. Bxe7 Nec4 33. Bxc4 Nxc4 34. Rxc4 Rxb2+ 35. Kc1 dxc4 0-1

[Event "Poznan op 24th"]
[Site "Poznan"]
[Date "2016.08.08"]
[Round "1"]
[White "Lesien, Przemyslaw"]
[Black "Sieciechowicz, Marcin"]
[Result "0-1"]
[WhiteElo "1714"]
[BlackElo "2415"]
[PlyCount "90"]
[EventDate "2016.08.08"]
[EventType "swiss"]
[EventRounds "9"]
[EventCountry "POL"]
[SourceTitle "CBM 173 Extra"]
[Source "ChessBase"]
[SourceDate "2016.08.29"]
[SourceVersion "1"]
[SourceVersionDate "2016.08.29"]
[SourceQuality "1"]

1. d4 Nf6 2. c4 g6 3. Nc3 d5 4. Nf3 Bg7 5. e3 0-0 6. cxd5 Nxd5 7. Bc4 Nb6 8. Bb3 c5 9. dxc5 N6d7 10. Ne4 Qc7 11. Qd5 Na6 12. Nfg5 Ndxc5 13. Nxc5 Nxc5 14. 0-0 h6 15. Ne4 Nxb3 16. Qxb3 Be6 17. Qb4 a5 18. Qc5 Rfc8 19. Qxc7 Rxc7 20. a4 Rc2 21. Rd1 Rac8 22. Nc3 Bb3 23. Rd2 Bxa4 24. Rxc2 Bxc2 25. Bd2 Rd8 26. Be1 b6 27. Rc1 Bb3 28. f3 h5 29. Bf2 Rd2 30. e4 b5 31. Nxb5 Bxb2 32. Rc8+ Kg7 33. Be1 Rd1 34. Kf2 a4 35. Bc3+ Bxc3 36. Rxc3 Rd2+ 37. Kg3 h4+ 38. Kh3 Be6+ 39. g4 Bd7 40. Na3 g5 41. Rc5 f6 42. Rd5 Rxd5 43. exd5 Bc8 44. Nc4 Ba6 45. d6 Bxc4 0-1

[Event "Poznan op 23rd"]
[Site "Poznan"]
[Date "2015.08.12"]
[Round "3"]
[White "Lesien, Przemyslaw"]
[Black "Cholewa, Maria"]
[Result "0-1"]
[WhiteElo "1581"]
[BlackElo "1794"]
[PlyCount "126"]
[EventDate "2015.08.10"]
[EventType "swiss"]
[EventRounds "9"]
[EventCountry "POL"]
[SourceTitle "CBM 167 Extra"]
[Source "ChessBase"]
[SourceDate "2015.09.14"]
[SourceVersion "1"]
[SourceVersionDate "2015.09.14"]
[SourceQuality "1"]

1. d4 d5 2. c4 e6 3. Nf3 Nf6 4. e3 Be7 5. b3 0-0 6. Bd3 h6 7. 0-0 dxc4 8. bxc4 b6 9. e4 Bb7 10. d5 exd5 11. cxd5 Nxd5 12. exd5 Bf6 13. Ba3 Bxa1 14. Bxf8 Qxf8 15. Bc4 Nd7 16. Nbd2 Bf6 17. Ne4 Be7 18. Qb3 Nc5 19. Nxc5 Bxc5 20. Ne5 Qd6 21. Nd3 Bd4 22. Re1 Rd8 23. Re4 Bf6 24. Nf4 Bg5 25. g3 Bxf4 26. Rxf4 Re8 27. Qf3 Re1+ 28. Kg2 Rc1 29. Bb3 Ba6 30. Bd1 Bc4 31. Rd4 Bxa2 32. Qe4 a5 33. Bc2 g6 34. Qe8+ Kg7 35. Be4 Bc4 36. f4 Bf1+ 37. Kf2 Bh3 38. Qe5+ Qf6 39. d6 Qxe5 40. fxe5 cxd6 41. exd6 Bd7 42. Ke2 Kf8 43. Kd2 Rc5 44. Bd3 Ke8 45. Bc4 Re5 46. Rf4 f5 47. Bb3 Be6 48. Ba4+ b5 49. Bc2 Rd5+ 50. Ke3 Rxd6 51. g4 g5 52. Rf2 f4+ 53. Ke4 Bxg4 54. Bd3 Bf5+ 55. Kxf5 Rxd3 56. Re2+ Re3 57. Rb2 b4 58. h4 f3 59. hxg5 hxg5 60. Kxg5 Re2 61. Rb3 f2 62. Rf3 b3 63. Rxb3 f1Q 0-1

[Event "Poznan op 22nd"]
[Site "Poznan"]
[Date "2014.08.15"]
[Round "8"]
[White "Lesien, Przemyslaw"]
[Black "Magnucka, Milena"]
[Result "0-1"]
[WhiteElo "1612"]
[BlackElo "1956"]
[PlyCount "70"]
[EventDate "2014.08.09"]
[EventType "swiss"]
[EventRounds "9"]
[EventCountry "POL"]
[SourceTitle "CBM 161 Extra"]
[Source "ChessBase"]
[SourceDate "2014.08.29"]
[SourceVersion "1"]
[SourceVersionDate "2014.08.29"]
[SourceQuality "1"]

1. e4 c5 2. Nf3 d6 3. d4 cxd4 4. Nxd4 Nf6 5. Bd3 a6 6. 0-0 e5 7. Nf5 Bxf5 8. exf5 Be7 9. Nc3 d5 10. g4 h6 11. f3 Nc6 12. a3 Qc7 13. Kg2 Rd8 14. Qe1 Kf8 15. h3 Ne8 16. Qg3 Nf6 17. Bd2 Bd6 18. Qh4 Kg8 19. Rae1 Na5 20. Nb1 Nc4 21. Bc1 Nb6 22. Nd2 Re8 23. b3 Nbd7 24. c4 Nc5 25. Bc2 e4 26. Bb2 exf3+ 27. Rxf3 Nce4 28. Bxf6 Nxf6 29. Rxe8+ Nxe8 30. Re3 Nf6 31. a4 Qc6 32. Re1 dxc4+ 33. Nf3 b5 34. axb5 axb5 35. bxc4 bxc4 0-1

[Event "Poznan op 22nd"]
[Site "Poznan"]
[Date "2014.08.12"]
[Round "5"]
[White "Zgarda, Jaroslaw"]
[Black "Lesien, Przemyslaw"]
[Result "1/2-1/2"]
[WhiteElo "1435"]
[BlackElo "1612"]
[PlyCount "177"]
[EventDate "2014.08.09"]
[EventType "swiss"]
[EventRounds "9"]
[EventCountry "POL"]
[SourceTitle "CBM 161 Extra"]
[Source "ChessBase"]
[SourceDate "2014.08.29"]
[SourceVersion "1"]
[SourceVersionDate "2014.08.29"]
[SourceQuality "1"]

1. e4 e5 2. Nf3 Nc6 3. d4 exd4 4. Nxd4 Bc5 5. Be3 Qf6 6. c3 a6 7. Bc4 Ne5 8. Nf5 Bxe3 9. Nxe3 Nxc4 10. Nxc4 b5 11. Qd5 Rb8 12. Ne5 Ne7 13. Qc5 0-0 14. Nf3 Bb7 15. Nbd2 d6 16. Qxc7 Rfc8 17. Qd7 Rc5 18. 0-0 Bc8 19. Qa7 Nc6 20. Qc7 Bg4 21. e5 Qf4 22. Qxd6 Bxf3 23. Nxf3 Rc4 24. Rad1 h6 25. e6 Qxd6 26. exf7+ Kxf7 27. Rxd6 b4 28. Nd2 Rc5 29. Nb3 Rc4 30. Rc1 Re8 31. Kf1 a5 32. cxb4 Rxc1+ 33. Nxc1 Nxb4 34. a3 Rc8 35. Nb3 Nc6 36. Nd4 Nxd4 37. Rxd4 Rc2 38. Ra4 Rxb2 39. Rxa5 Ra2 40. g3 Rc2 41. Re5 Ra2 42. Re3 Kf6 43. Kg2 Kf5 44. Kf3 h5 45. h3 Kf6 46. Rb3 Kf5 47. Rb5+ Kg6 48. Ra5 Rc2 49. a4 Rc3+ 50. Kg2 Ra3 51. Ra8 Kf5 52. a5 Kg5 53. a6 Kg6 54. a7 Ra2 55. Kf3 Ra3+ 56. Ke4 Ra4+ 57. Kd5 Ra5+ 58. Kc6 Ra2 59. Kd6 Rd2+ 60. Kc5 Rc2+ 61. Kd4 Rd2+ 62. Ke3 Ra2 63. f4 Ra3+ 64. Kd4 Ra4+ 65. Kc5 Ra1 66. Kd6 Rd1+ 67. Ke7 Ra1 68. h4 Re1+ 69. Kf8 Ra1 70. Kg8 Kh6 71. Kf7 Kh7 72. f5 Ra6 73. Ke7 Ra5 74. Ke6 Ra6+ 75. Ke5 Ra4 76. Kd5 Ra5+ 77. Ke4 Ra4+ 78. Kf3 Ra5 79. Kf4 Ra3 80. Ke5 Ra4 81. Rf8 Rxa7 82. f6 Ra5+ 83. Kd4 gxf6 84. Rxf6 Ra3 85. Rf5 Rxg3 86. Rxh5+ Kg6 87. Rh8 Kg7 88. Re8 Rh3 89. Re4 1/2-1/2

[Event "Poznan op 22nd"]
[Site "Poznan"]
[Date "2014.08.09"]
[Round "1"]
[White "Zakrzewski, Marek"]
[Black "Lesien, Przemyslaw"]
[Result "1-0"]
[WhiteElo "2157"]
[BlackElo "1612"]
[PlyCount "156"]
[EventDate "2014.08.09"]
[EventType "swiss"]
[EventRounds "9"]
[EventCountry "POL"]
[SourceTitle "CBM 161 Extra"]
[Source "ChessBase"]
[SourceDate "2014.08.29"]
[SourceVersion "1"]
[SourceVersionDate "2014.08.29"]
[SourceQuality "1"]

1. e4 e5 2. Nf3 Nc6 3. d4 exd4 4. Nxd4 Bc5 5. Be3 Bxd4 6. Bxd4 Nxd4 7. Qxd4 Qf6 8. e5 Qb6 9. Qxb6 axb6 10. Nc3 f6 11. Nd5 Kd8 12. exf6 Nxf6 13. Nxf6 gxf6 14. Bd3 Ra5 15. f4 d6 16. c4 Be6 17. Kf2 Kd7 18. Rhe1 b5 19. cxb5 Ra4 20. g3 Rb4 21. b3 Ra8 22. Ke3 h5 23. Kd2 c5 24. bxc6+ bxc6 25. Bc2 c5 26. a3 Rd4+ 27. Kc3 Bg4 28. Re4 Bf5 29. Rxd4 cxd4+ 30. Kd2 Bxc2 31. Kxc2 Kc6 32. Kd3 Kd5 33. a4 Rc8 34. b4 Rc3+ 35. Kd2 Kc4 36. a5 Kxb4 37. a6 Rc8 38. a7 Ra8 39. Kd3 Kc5 40. Ra2 d5 41. Ra1 Kb6 42. Kxd4 Kb7 43. Ra2 Kb6 44. Kxd5 Kb7 45. Ke6 f5 46. Ra3 Re8+ 47. Kxf5 Ka8 48. Kg5 h4 49. Kxh4 Rh8+ 50. Kg4 Rxh2 51. f5 Rb2 52. f6 Rb6 53. f7 Rf6 54. Rf3 Rxf7 55. Re3 Rb7 56. Kf3 Rf7+ 57. Kg2 Rg7 58. Ra3 Rb7 59. Kf3 Rf7+ 60. Kg2 Rg7 61. Ra4 Rb7 62. g4 Rb3 63. Ra5 Rc3 64. g5 Rd3 65. Ra6 Rd5 66. g6 Rg5+ 67. Kf3 Rg1 68. Kf4 Rf1+ 69. Ke5 Rg1 70. Kf6 Rf1+ 71. Kg7 Rg1 72. Kf7 Rf1+ 73. Kg8 Rg1 74. g7 Rc1 75. Kh7 Rh1+ 76. Rh6 Rg1 77. g8Q+ Rxg8 78. Kxg8 Kxa7 1-0